000 00354nam a2200133Ia 4500
005 20240823064619.0
008 240823s9999||||xx |||||||||||||| ||und||
100 _aAnandan R and Sivakumar R V
245 0 _aBullet amplifier for satellite Receivers Microdatabase Using C++
260 _c1994
500 _aYES
650 _aNil
_bGeneral
942 _cRPT
999 _c241144
_d241144